000 00827nam a2200229 i 4500
001 147517
003 ES-MaACL
005 20230906202044.0
007 t|
008 071001s1965 sp ||||1| spa d
100 1 _aUllmann, Stephen.
_9111936
245 1 0 _aIntroducción a la semántica francesa /
_cStephen Ullmann ; traducción y anotaciónes por Eugenio de Bustos Tovar.
260 _aMadrid :
_bC.S.I.C. Insto. Miguel de Cervantes,
_c1965.
300 _aXVI, 483 p. ;
_c22 cm.
490 1 _aPublicaciones de la Revista de Filología
650 1 4 _aLengua francesa-
_xSemántica.
_914232
700 1 _aBustos, Eugenio de.
_932927
710 2 _aInstituto "Miguel de Cervantes"
_95133
830 0 _aPublicaciones de la Revista de Filología
_9220935
852 _aES-MaACL
_jC-27957
_bR.57248
999 _c147517
_d147517